000
00305nam a22001337a 4500
008
210303b ||||| |||| 00| 0 eng d
020
_a
9780495030508
041
_a
eng
080
_2
8th
_a
159.9
100
_a
48
101
_a
PSI
245
_a
Psychology Applied to Work
_c
Marchese,C.M
942
_2
udc
_c
BK
999
_c
55594
_d
55594